Analýza podnikových procesov vo väzbe na prostredie SAP ERP diplomová práca

Na minha lista:
Detalhes bibliográficos
Autor principal: Boldiš, Branislav
Autor Corporativo: Fakulta podnikového manažmentu EU. Katedra informačného manažmentu
Outros Autores: Kokles, Mojmír
Formato: Livro
Idioma:eslovaco
Publicado em: Bratislava 2009
Tags: Adicionar Tag
Sem tags, seja o primeiro a adicionar uma tag!

MARC

LEADER 00000nam$a2200000$$$4500
001 0101223
005 20240320074852.6
041 0 |a slo 
044 |a SK 
245 1 0 |a Analýza podnikových procesov vo väzbe na prostredie SAP ERP  |b diplomová práca  |c Branislav Boldiš ; škol. Mojmír Kokles 
264 1 |a Bratislava  |c 2009 
300 |a 69 s. 
100 1 |a Boldiš, Branislav 
700 1 |a Kokles, Mojmír 
710 2 |a Fakulta podnikového manažmentu EU. Katedra informačného manažmentu